La jurisdicción, el acto jurídico procesal y la cosa juzgada en el derecho chileno

Uloženo v:
Podrobná bibliografie
Hlavní autor: Colombo Campbell, Juan (Autor)
Médium: Kniha
Jazyk:španělština
Vydáno: Santiago Jurídica de Chile 1980
Témata:
Tagy: Přidat tag
Žádné tagy, Buďte první, kdo vytvoří štítek k tomuto záznamu!

MARC

LEADER 00000nam a2200000 a 4500
001 UCS0953
003 CL-VaPUC
008 970506e19800700CL |||||||||||||||||spa|d
082 0 4 |a 347.012  |b COL  |2 21 
100 0 |a Colombo Campbell, Juan  |e author  |9 384870 
245 1 3 |a La jurisdicción, el acto jurídico procesal y la cosa juzgada en el derecho chileno 
300 |a 142 p 
942 |c BK 
945 |d 19970506 00:00:00  |a cmena 
260 |a Santiago  |b Jurídica de Chile  |c 1980 
650 0 |a Jurisprudencia  |9 255952 
650 0 |a Derecho procesal civil  |9 258071 
650 0 |a Derecho civil  |9 255013 
650 0 |a Tribunales de justicia   |9 328494 
650 0 |a Acción procesal  |9 384844 
650 0 |a Administración de justicia  |9 382749 
650 0 |a Poder judicial  |9 254871 
650 0 |a Recurso de casación  |9 258890 
650 0 |a Sentencias  |9 256250 
651 7 |a CHILE  |2 CL-VaPUC  |9 384873 
583 |a last modification  |c 19970506 00:00:00  |k Rodrigo Vera 
999 |c 259068  |d 259066 
952 |0 0  |1 0  |4 0  |6 347_012000000000000_COL_1980  |7 0  |8 A  |9 283602  |a BIBDER  |b BIBDER  |d 2019-11-19  |i 1837850  |o 347.012 COL 1980  |p 1837850  |r 2023-01-25  |w 2019-11-19  |y BK  |k DER 
952 |0 0  |1 0  |4 0  |6 347_012000000000000_COL_1980  |7 0  |8 A  |9 283603  |a BIBDER  |b BIBDER  |d 2019-11-19  |i 1837869  |o 347.012 COL 1980  |p 1837869  |r 2023-01-25  |w 2019-11-19  |y BK  |k DER